| 000 | 00340nam a22001457a 4500 | ||
|---|---|---|---|
| 003 | OSt | ||
| 005 | 20220218094037.0 | ||
| 008 | 220218b |||||||| |||| 00| 0 eng d | ||
| 020 | _a0131246992 | ||
| 040 | _cHU | ||
| 082 |
_26th _a658.7 |
||
| 100 |
_aBlanchard _930789 |
||
| 245 | _aLogistics Engineering & Management | ||
| 942 |
_2ddc _cBOOKS _n0 |
||
| 999 |
_c30736 _d30736 |
||